Làm chủ Windows Server 2003. Tập 1

Saved in:
Bibliographic Details
Format: Book
Language:Vietnamese
Published: Thống Kê 2005
Subjects:
Tags: Add Tag
No Tags, Be the first to tag this record!
Institutions: Mạng thư viện Đại học Đà Nẵng
LEADER 01008nam a2200301 a 4500
001 000002179
003 02583
005 20171229145311.0
008 171229s2005 vie
040 |a LSK 
041 0 |a VIE 
082 0 |a 005.4  |b PH-D 
245 0 0 |a Làm chủ Windows Server 2003. Tập 1  |c Phạm Hoàng Dũng chủ biên; Hoàng Đức Hải 
260 |b Thống Kê  |c 2005 
300 |a 728 pages  |c 24 cm. 
653 |a Windows Server (Hệ điều hành máy tính) 
852 |a Phòng Đọc - Phòng Mượn 
901 |a 4 
927 |a Sách tham khảo 
OWN |a LSK 
AVA |a UDN50  |b LSK  |d 005.4 PH-D  |e available  |t Error 5001 Not defined in file expand_doc_bib_avail.  |f 5  |g 0  |h N  |i 1 
999 |a From the UDN01 
AVA |a UDN50  |b LSK  |d 005.4 PH-D  |e available  |t Error 5001 Not defined in file expand_doc_bib_avail.  |f 5  |g 0  |h N  |i 1 
TYP |a Monograph 
TYP |a Printed language 
980 |a Mạng thư viện Đại học Đà Nẵng